| 000 | 00711cam a2200229 4500 | ||
|---|---|---|---|
| 001 | 2868 | ||
| 005 | 20181127165945.0 | ||
| 008 | 080219s2008 nyu 000 1 eng | ||
| 020 | _a9781416553045 | ||
| 043 | _acc----- | ||
| 100 | 1 |
_aShuman, George D., _d1952- |
|
| 245 | 1 | 0 |
_aLost girls : _ba Sherry Moore novel / _cGeorge D. Shuman. |
| 260 |
_aNew York : _bPocket Star Books, _c2009. |
||
| 300 |
_ax, 308 p. ; _c18 cm. |
||
| 650 | 0 |
_aBlind women _vFiction. |
|
| 650 | 0 |
_aHuman trafficking _vFiction. |
|
| 650 | 0 |
_aMoore, Sherry (Fictitious character) _vFiction. |
|
| 650 | 0 |
_aPsychics _vFiction. |
|
| 651 | 0 |
_aCaribbean Area _vFiction. |
|
| 655 | 7 |
_aMystery fiction. _2gsafd |
|
| 655 | 7 |
_aSuspense fiction. _2gsafd |
|
| 999 |
_c2300 _d2300 |
||